| 000 | 01034nam a2200289 i 4500 | ||
|---|---|---|---|
| 001 | 16368 | ||
| 003 | ES-MaACL | ||
| 005 | 20250826050143.0 | ||
| 007 | t| | ||
| 008 | 000904s2000 sp ||||1| spa d | ||
| 020 | _a84-7476-291-X | ||
| 080 | _a336.5(460) | ||
| 080 | _a336.2:316.654 | ||
| 100 | 1 |
_aAlvira Martín, Francisco. _921045 |
|
| 245 | 1 | 0 |
_aSociedad, impuestos y gasto público _b: la perspectiva del contribuyente / _cFrancisco Alvira Martín, José García López, Mª Luisa Delgado Lobo. |
| 250 | _a1ª ed. | ||
| 260 |
_aMadrid : _bCentro de Investigaciones Sociológicas, _c2000. |
||
| 300 |
_a235 p. ; _c21 cm. |
||
| 490 | 1 |
_aMonografías ; _v170 |
|
| 650 | 1 | 4 |
_aImpuestos- _xOpinión pública _913641 |
| 650 | 1 | 4 |
_aGasto público- _zEspaña. _913034 |
| 700 | 1 |
_aGarcía López, José Antonio. _954845 |
|
| 700 | 1 |
_aDelgado Lobo, Mª Luisa. _943461 |
|
| 830 | 0 | 0 |
_aMonografías (Centro de Estudios Benaventanos "Ledo del Pozo") _v170 _9177262 |
| 852 |
_aES-MaACL _jL-23508 _bR.128603 |
||
| 999 |
_c16368 _d16368 |
||